Statistiques concernant Nationalité des meilleurs buteurs de la Coupe du monde de football

Cliquez ici pour prendre le quiz!

Statistiques générales

  • Ce quiz a été pris 1 440 fois
  • Le résultat moyen est 15 sur 20

Statistiques - réponses

Meilleur buteurCoupe du mondePays d'origine% Correct
Just Fontaine1958France
98%
Eusébio1966Portugal
96%
Miroslav Klose2006Allemagne
95%
Gerd Müller1970Allemagne
94%
Ronaldo2002Brésil
94%
Garrincha1962Brésil
93%
David Villa2010Espagne
92%
James Rodríguez2014Colombie
90%
Paolo Rossi1982Italie
90%
Gary Lineker1986Angleterre
79%
Davor Šuker1998Croatie
76%
Hristo Stoitchkov1994Bulgarie
70%
Salvatore Schillaci1990Italie
65%
Ademir1950Brésil
57%
Mario Kempes1978Argentine
56%
Sándor Kocsis1954Hongrie
53%
Leônidas1938Brésil
50%
Guillermo Stábile1930Argentine
40%
Grzegorz Lato1974Pologne
36%
Oldřich Nejedlý1934Tchécoslovaquie
36%

Distribution des résultats

Percentile par nombre de réponses

% des personnes avec chaque résultat

Votre développement - résultats

Vous n’avez pas pris ce quiz